Provisión de vías, transporte y servicios públicos / (Registro nro. 15526)

Detalles MARC
000 -LEADER
fixed length control field 03386nam a22003137a 4500
003 - CONTROL NUMBER IDENTIFIER
control field OSt
005 - DATE AND TIME OF LATEST TRANSACTION
control field 20210407082535.0
008 - FIXED-LENGTH DATA ELEMENTS--GENERAL INFORMATION
fixed length control field 210407t2000 ck ad||gr|||| 00| 0 spa d
020 ## - INTERNATIONAL STANDARD BOOK NUMBER
International Standard Book Number 9586822117
Qualifying information Colección
020 ## - INTERNATIONAL STANDARD BOOK NUMBER
International Standard Book Number 9586822125
Qualifying information V.6
040 ## - CATALOGING SOURCE
Original cataloging agency CO-JMCR
Transcribing agency CO-JMCR
041 0# - LANGUAGE CODE
Language code of text/sound track or separate title spa
082 04 - DEWEY DECIMAL CLASSIFICATION NUMBER
Classification number 388.3 /
Item number F162p
Edition number 23
100 1# - MAIN ENTRY--PERSONAL NAME
Personal name Fainbom, Israel,
Relator term editor
9 (RLIN) 36655
245 10 - TITLE STATEMENT
Title Provisión de vías, transporte y servicios públicos /
Statement of responsibility, etc. Israel Fainbom, Miguel Gandour, Maria Camila Uribe, editores
260 ## - PUBLICATION, DISTRIBUTION, ETC.
Place of publication, distribution, etc. Bogotá :
Name of publisher, distributor, etc. Alcaldía Mayor de Bogotá,
Date of publication, distribution, etc. ©2000
300 ## - PHYSICAL DESCRIPTION
Extent vii, 222 páginas :
Other physical details ilustraciones y gráficas a blanco y negro ;
Dimensions 24 cm.
490 0# - SERIES STATEMENT
Series statement Misión de Reforma Institucional de Bogotá ;
Volume/sequential designation 6
500 ## - GENERAL NOTE
General note Incluye notas a pie de página.
504 ## - BIBLIOGRAPHY, ETC. NOTE
Bibliography, etc. note Bibliografía: página 198
505 0# - FORMATTED CONTENTS NOTE
Formatted contents note Análisis de eficiencia del gasto público en vivienda -- Análisis de eficiencia de agua potable y saneamiento básico -- Análisis y diagnóstico institucional y financiero del sector de aseo en Colombia -- Análisis de eficiencia del gasto público distrital en el sector transporte
520 3# - SUMMARY, ETC.
Summary, etc. La Alcaldía Mayor de Bogotá, a través de la Secretaria de Hacienda del Distrito Capital, organizó a finales de 1999 una Misión de Reforma Institucional para la administración distrital Instituciones Capitales. La Misión ha trabajado desde entonces en el diseño de una propuesta que integre cambios en las reglas de juego y en la estructura de las organizaciones que contribuyan a mejorar la gestión pública de la capital y alcanzar, en forma eficiente, en horizonte de diez años, coberturas universales en los servicios públicos y el gasto social, reducir la pobreza y la inseguridad; mejorar la provisión de espacios públicos y recreativos; hacer de Bogotá una ciudad más integrada, más amable, más equitativa y más competitiva; con un gobierno que responda mejor a las necesidades de los bogotanos y que rinda cuentas por sus acciones y resultados.<br/>La Misión aplica algunos de los avances recientes más importantes en la teoría económica de las instituciones y las organizaciones como herramienta de economía cuantitativa para la determinación de costos de producción eficientes para los diferentes bienes y servicios.<br/>El objetivo de la Misión es consolidar el capital social que requiere la ciudad que todos anhelamos. Tiene como base el capital institucional acumulado por el Distrito en las últimas administraciones. Las propuestas se construyen desde una visión de ciudad cada vez más compartida la cual incluye: -Un transporte racionalizado -Una mayor provisión de espacios públicos y recreativos - Una ciudad desmarginalizada, con expansión urbana ordenada -Coberturas totales de educación, salud, vivienda, alcantarillado, etcétera<br/>Las propuestas de reforma institucional apuntan a consolidar la sostenibilidad fiscal, la eficiencia y eficacia en el uso de los recursos, la capacidad gerencial de las organizaciones y la articulación de los procesos de toma de decisiones.
650 14 - SUBJECT ADDED ENTRY--TOPICAL TERM
Topical term or geographic name entry element Tránsito local
Form subdivision Fundamentos
General subdivision Planificación
Geographic subdivision Bogotá
9 (RLIN) 36668
650 24 - SUBJECT ADDED ENTRY--TOPICAL TERM
Topical term or geographic name entry element Servicios públicos
General subdivision Aspectos socioeconómicos
Geographic subdivision Bogotá
9 (RLIN) 36669
650 24 - SUBJECT ADDED ENTRY--TOPICAL TERM
Topical term or geographic name entry element Transporte urbano
Geographic subdivision Bogotá
9 (RLIN) 36670
700 1# - ADDED ENTRY--PERSONAL NAME
Personal name Gandour, Miguel,
Relator term editor
9 (RLIN) 36650
700 1# - ADDED ENTRY--PERSONAL NAME
Personal name Uribe, María Camila,
Relator term editora
9 (RLIN) 36651
942 ## - ADDED ENTRY ELEMENTS (KOHA)
Source of classification or shelving scheme Dewey Decimal Classification
Koha item type Books
Existencias
Withdrawn status Lost status Source of classification or shelving scheme Damaged status Not for loan Collection code Home library Current library Date acquired Source of acquisition Total Checkouts Full call number Barcode Date last seen Date last checked out Copy number Price effective from Koha item type
    Dewey Decimal Classification     Non-fiction Biblioteca Pública José María del Castillo y Rada Biblioteca Pública José María del Castillo y Rada 10/02/2020 Donación 1 388.3 / F162p 201811036 09/25/2024 09/24/2024 V.6 / Ej.1 04/07/2021 Books